000 00507nam a2200181 a 4500
001 1946
005 20140414131904.0
008 030416s19uu xx 00 eng d
020 _a0-307-15981-7
050 _aFIC
_bF22 1994
100 _aFarber, Erica
245 _aLC + the critter kids : top dog /
_cwritten by Erica Farber, J. R. Sanserve.
260 _aNew York :
_bA Golden Book,
_c1994.
300 _a66 p. ; cm.
440 _aMercer Mayer's mini novel #3
650 _aNovels.
999 _c110822
_d110822